[Event "FSS"]
[Site "?"]
[Date "1991.??.??"]
[Round "?"]
[White "Jensen, Arne-Roger"]
[Black "Johansen, Odd Bjørn (FSS)"]
[Result "1-0"]
[WhiteElo "1900"]
[BlackElo "1600"]
[Annotator "Arne-Roger Jensen"]
[PlyCount "51"]

1. f4 d5 2. Nf3 c5 3. g3 Nf6 4. Bg2 e6 5. O-O Nc6 6. d3 Be7 7. Nc3 O-O {
7...d4!? 8.Ne4 Nxe4 9. dxe4=} 8. e4 dxe4 {8...d4!? 9.Nb1=} 9. dxe4 a6 10. e5
Nd5 11. Ne4 Qc7 $2 {
Na blir det trangt a spille sort. Bedre er 11...c4! med motspill.} 12. c4 $1
Nb6 13. Qe2 Rd8 14. b3 a5 15. Be3 a4 16. Rad1 Nd7 $6 {
>= 16...Rxd1! som letter litt pa trykket.} 17. Bh3 {Planlegger et blodbad!}
17... axb3 18. axb3 Nb4 $2 {>= 18...Qb6!} 19. Nfg5 $1 h6 $2 {#Odd gar rett i
fella, men det var ikke lett uansett. Det beste forsoket var 19...g6, men
etter 20.Bxe6!? fxe6 21.Nxe6|^ eller 20.Qg4|^ kan hvit se fremtiden lyst i
mote. Ogsa 19...Bxg5 20.Nxg5 h6 21.Nxf7!-> er bedre, men...} 20. Nxf7 $3 $18
Kxf7 21. Bxe6+ $3 Kxe6 ({Det fantes ingen redning;} 21... Kg6 22. Bf5+ $3 Kf7
23. Ng5+ $3 Bxg5 24. e6+ Kg8 25. fxg5 Nf8 26. Rxd8 Qxd8 27. Bxc5 Nc6 28. gxh6
Nd4 29. Qh5 Ndxe6 30. Bb1 $1 g6 31. Bxg6 Nxg6 32. Qxg6+ Kh8 33. Rf8+ Qxf8 34.
Bxf8 Ra1+ 35. Kf2 Ra2+ 36. Ke3 Re2+ 37. Kxe2 Nf4+ 38. gxf4 Bg4+ 39. Qxg4 Kh7
40. Qg7#) 22. Qh5 $3 {#Et sakalt "stille trekk" avgjor.} 22... Bf6 23. Rd6+ Ke7
24. exf6+ Nxf6 25. Qe5+ Kf7 26. Rxf6+ $1 {Natta!} 1-0

[Event "FSS KM Mester"]
[Site "?"]
[Date "2006.01.11"]
[Round "1"]
[White "Dogani, Avduraim (FSS)"]
[Black "Sæther, Lars (FSS)"]
[Result "1/2-1/2"]
[WhiteElo "1784"]
[BlackElo "1596"]
[PlyCount "127"]

1. e4 e5 2. Nf3 Nf6 3. d3 d6 4. Be2 Be7 5. Nbd2 Nc6 6. Nf1 d5 7. exd5 Nxd5 8.
Ng3 Bb4+ 9. c3 Nxc3 10. bxc3 Bxc3+ 11. Bd2 Bxa1 12. Qxa1 f6 13. h4 Nd4 14. Nxd4
Qxd4 15. Qb1 Qb6 16. Qc2 O-O 17. h5 Be6 18. O-O c5 19. Rb1 Qc7 20. Ne4 b6 21.
a4 f5 22. Ng5 Bd5 23. Bf3 Qc6 24. Qb3 Rad8 25. Qc3 h6 26. Bxd5+ Qxd5 27. Nf3 e4
28. Ne5 Rfe8 29. Bf4 exd3 30. Rd1 Qe4 31. g3 Qxa4 32. Ra1 Qc2 33. Qc4+ Qxc4 34.
Nxc4 Rd4 35. Nd6 Re6 36. Nxf5 Rd7 37. Kf1 c4 38. Bd2 Re2 39. Rd1 a5 40. Ne3 Rc7
41. Nd5 Rc6 42. Nc3 Re5 43. Rb1 Rxh5 44. Kg2 Rf5 45. f4 g5 46. g4 Rf7 47. f5 h5
48. Kf3 h4 49. Bxg5 h3 50. Rb2 Rh7 51. Bf4 a4 52. g5 a3 53. Ra2 b5 54. Rxa3 Rc8
55. Ra2 b4 56. Nd5 b3 57. Nf6+ Kh8 58. Rh2 d2 59. Bxd2 b2 60. Bc3 b1=Q 61. Ng4+
Kg8 62. Nf6+ Kh8 63. Ne4+ Kg8 64. Nf6+ 1/2-1/2

[Event "FSS KM Mester"]
[Site "?"]
[Date "2006.01.11"]
[Round "1"]
[White "Nilsen, Roy Tore (FSS)"]
[Black "Nilsen, Kai (FSS)"]
[Result "0-1"]
[WhiteElo "1626"]
[BlackElo "1555"]
[PlyCount "124"]

1. d4 Nf6 2. c4 e5 3. d5 d6 4. Nc3 Bf5 5. Bg5 Be7 6. e3 Nbd7 7. Bd3 Bxd3 8.
Qxd3 Nc5 9. Qc2 Nxd5 10. Nxd5 Bxg5 11. Nf3 Be7 12. b4 Nd7 13. Rd1 c6 14. Nxe7
Qxe7 15. Qd2 Nb6 16. Qc3 O-O 17. O-O Rfe8 18. Rd2 f6 19. Rfd1 Rad8 20. e4 Kf8
21. Qb3 Nc8 22. Nh4 g6 23. Qe3 Kg8 24. g3 b6 25. a3 Rd7 26. Qh6 Qg7 27. Qe3
Red8 28. Kg2 Qf7 29. Qc3 Qe6 30. Nf3 Ne7 31. h4 d5 32. cxd5 cxd5 33. Qb3 Kf7
34. exd5 Rxd5 35. Rxd5 Rxd5 36. Rc1 Rd7 37. Qe3 Nf5 38. Qc3 e4 39. Ng1 e3 40.
Rc2 exf2 41. Kxf2 Qd5 42. Nf3 Qd6 43. Qc4+ Kg7 44. Qg4 h5 45. Qf4 Qxf4 46. gxf4
Kf7 47. b5 Nd6 48. a4 Ne4+ 49. Ke3 Nc5 50. Rc4 Rd3+ 51. Ke2 Ra3 52. Nd4 Rxa4
53. Rxa4 Nxa4 54. Nc6 Nc3+ 55. Kd3 Nxb5 56. Kc4 Nd6+ 57. Kd5 Nf5 58. Nxa7 Nxh4
59. Ke4 Ke6 60. Nc6 f5+ 61. Ke3 Ng2+ 62. Kf3 Ne1+ 0-1

[Event "FSS KM Mester"]
[Site "?"]
[Date "2006.01.11"]
[Round "1"]
[White "Ludvigsen, Jan (FSS)"]
[Black "Larsen, Bjørn (FSS)"]
[Result "0-1"]
[WhiteElo "1677"]
[BlackElo "1493"]
[PlyCount "114"]

1. d4 d5 2. Nf3 Nf6 3. e3 Bf5 4. c4 e6 5. Nc3 c6 6. Be2 Be7 7. O-O h6 8. b3 O-O
9. Bb2 Nbd7 10. Rc1 Rc8 11. Nd2 Nb6 12. c5 Nbd7 13. f4 b6 14. cxb6 axb6 15. Qe1
c5 16. Bf3 Bd3 17. Rf2 b5 18. dxc5 Bxc5 19. Nd1 Qb6 20. Kh1 Ra8 21. Ra1 Ra7 22.
Nf1 Bxf1 23. Rxf1 Rfa8 24. b4 Be7 25. a3 Rc7 26. Nc3 Ne8 27. Bxd5 exd5 28. Nxd5
Qe6 29. Nxc7 Nxc7 30. f5 Qb6 31. e4 Bf6 32. Bxf6 Qxf6 33. Qg3 Ne5 34. Rfc1 Ne8
35. Rd1 Nc4 36. Ra2 Rd8 37. Rxd8 Qxd8 38. h4 Qd1+ 39. Kh2 Nd2 40. Qc3 Nxe4 41.
Qe3 N8f6 42. Qe2 Qd6+ 43. Kg1 Qd4+ 44. Kh2 Qe5+ 45. Kg1 Qxf5 46. Ra1 Qf4 47.
Rf1 Qxh4 48. Qxb5 Ng4 49. Qe8+ Kh7 50. Qxe4+ Kg8 51. Qf4 f5 52. Rc1 Qf6 53.
Qc4+ Kh7 54. b5 Qb2 55. Qc2 Qe5 56. b6 Qh2+ 57. Kf1 Ne3+ 0-1

[Event "FSS KM Mester"]
[Site "?"]
[Date "2006.01.11"]
[Round "1"]
[White "Jansson, Helge (FSS)"]
[Black "Talat, Hogir (FSS)"]
[Result "0-1"]
[WhiteElo "1380"]
[BlackElo "1512"]
[PlyCount "62"]

1. d4 f5 2. Nf3 Nf6 3. Bg5 e6 4. e3 d5 5. Bd3 Be7 6. Bxf6 Bxf6 7. O-O O-O 8.
Nbd2 Nd7 9. c4 c6 10. Qb3 Be7 11. cxd5 exd5 12. Rac1 Bd6 13. e4 fxe4 14. Nxe4
Bf4 15. Rce1 Kh8 16. Ned2 Qf6 17. Qc2 Qh6 18. Re2 Nf6 19. Rfe1 Bg4 20. Re7 Rab8
21. b4 Bd6 22. R7e3 Bxf3 23. Nxf3 Ng4 24. Re6 Bxh2+ 25. Kf1 Qh5 26. Qd2 Bf4 27.
Qc2 Qh1+ 28. Ng1 Bh2 29. Bf5 Bxg1 30. Ke2 g6 31. Bxg4 Rxf2+ 0-1

[Event "FSS KM Mester"]
[Site "?"]
[Date "2006.02.22"]
[Round "1"]
[White "Andersen, Harry (FSS)"]
[Black "Sæther, Steinar (FSS)"]
[Result "0-1"]
[WhiteElo "1774"]
[BlackElo "1636"]
[PlyCount "82"]

1. e4 d5 2. exd5 Nf6 3. Bc4 Nxd5 4. Qf3 e6 5. Nh3 Nc6 6. c3 Ne5 7. Bb5+ c6 8.
Qg3 Ng6 9. Ba4 Bd6 10. Qf3 Nh4 11. Qg4 g6 12. Ng5 Nf4 13. Rg1 Nd3+ 14. Ke2 Nf5
15. Kxd3 Bf4+ 16. Ke2 Bxg5 17. f4 Bf6 18. Qh3 e5 19. g4 Nd6 20. fxe5 Bxe5 21.
d4 Bf6 22. Bh6 Be6 23. Nd2 Qd7 24. Qf3 Be7 25. Nb3 Nc4 26. Nc5 Bxc5 27. dxc5
Nxb2 28. Bb3 O-O-O 29. Bg5 Rde8 30. Kf2 Nd3+ 31. Kg3 Ne5 32. Bxe6 Rxe6 33. Qd1
Rhe8 34. Rf1 Nd3 35. Qf3 Qc7+ 36. Kh3 f6 37. Qxd3 fxg5 38. Rf3 Re2 39. Qd6 Qg7
40. Kg3 Qh6 41. Rf2 Qh4+ 0-1

[Event "FSS KM Mester"]
[Site "?"]
[Date "2006.03.15"]
[Round "1"]
[White "Bøe, Timmy (FSS)"]
[Black "Bjørnland, Svein Arne (FSS)"]
[Result "0-1"]
[WhiteElo "1565"]
[BlackElo "1830"]
[PlyCount "90"]

1. e4 Nf6 2. Nc3 d5 3. e5 Ne4 4. d4 Nxc3 5. bxc3 c5 6. Nf3 Bf5 7. Bd3 Bxd3 8.
Qxd3 e6 9. Qb5+ Qd7 10. Qxd7+ Nxd7 11. Rb1 b6 12. Ke2 Rc8 13. Kd3 Be7 14. Re1
Rc6 15. Bg5 f6 16. Bf4 Kf7 17. h4 Rhc8 18. Bd2 cxd4 19. Nxd4 Nxe5+ 20. Rxe5
fxe5 21. Nxc6 Rxc6 22. g3 e4+ 23. Ke2 Kg6 24. Rb3 Rc4 25. a3 Kf5 26. Be3 Ra4
27. Bc1 Kg4 28. Bb2 Rc4 29. Bc1 Bd6 30. Be3 Ra4 31. Bc1 e5 32. Bb2 Bc5 33. Bc1
Rc4 34. Be3 d4 35. Bd2 e3 36. cxd4 exd4 37. fxe3 dxe3 38. Bxe3 Re4 39. Kf2 Rxe3
40. Rxe3 h5 41. a4 Bxe3+ 42. Kxe3 Kxg3 43. c4 Kxh4 44. a5 g5 45. axb6 axb6 0-1

[Event "FSS KM Mester"]
[Site "?"]
[Date "2006.01.18"]
[Round "2"]
[White "Jensen, Arne-Roger"]
[Black "Ludvigsen, Jan (FSS)"]
[Result "1-0"]
[WhiteElo "1879"]
[BlackElo "1677"]
[PlyCount "77"]

1. e4 e5 2. Nc3 Nf6 3. Bc4 Nc6 4. d3 Bb4 5. Bg5 h6 6. Bh4 g5 7. Bg3 d6 8. Nge2
Qe7 9. a3 Ba5 10. b4 Bb6 11. Nd5 Nxd5 12. Bxd5 Nd8 13. h4 g4 14. O-O Ne6 15. c3
Ng7 16. d4 Nh5 17. Qd3 Nxg3 18. Qxg3 c6 19. Bb3 Bc7 20. dxe5 dxe5 21. a4 Bd7
22. a5 a6 23. Rfe1 O-O-O 24. Qe3 Kb8 25. c4 Qxh4 26. b5 cxb5 27. Nc3 bxc4 28.
Bxc4 Bc6 29. Reb1 f5 30. Qc5 Rd2 31. g3 Qf6 32. Bxa6 Kc8 33. Rxb7 Bxb7 34. Nb5
Qd8 35. Na7+ Kb8 36. Nc6+ Bxc6 37. Rb1+ Bb6 38. Rxb6+ Ka7 39. Rb7+ 1-0

[Event "FSS KM Mester"]
[Site "?"]
[Date "2006.01.18"]
[Round "2"]
[White "Larsen, Bjørn (FSS)"]
[Black "Dogani, Avduraim (FSS)"]
[Result "1-0"]
[WhiteElo "1493"]
[BlackElo "1784"]
[PlyCount "77"]

1. e4 e5 2. Nf3 Nc6 3. Bb5 a6 4. Ba4 d6 5. c3 Bg4 6. O-O Nge7 7. d3 h6 8. Re1
g5 9. h3 Bh5 10. g4 Bg6 11. Nbd2 f6 12. Nf1 h5 13. d4 b5 14. Bb3 Qd7 15. dxe5
Nxe5 16. Nxe5 dxe5 17. Qxd7+ Kxd7 18. Rd1+ Kc6 19. f3 hxg4 20. hxg4 Bg7 21. Be3
Rh3 22. Kg2 Rah8 23. Bg1 Kb7 24. Rd7 Bf8 25. Rad1 Be8 26. Rd8 Bc6 27. Rxf8 Rxf3
28. Rxh8 Bxe4 29. Nd2 Rf4+ 30. Nxe4 Rxe4 31. Kf3 Rf4+ 32. Kg3 e4 33. Rf1 Rxf1
34. Bd4 Rf3+ 35. Kg2 Ng6 36. Bd5+ c6 37. Rh7+ Kc8 38. Bxe4 Nh4+ 39. Rxh4 1-0

[Event "FSS KM Mester"]
[Site "?"]
[Date "2006.01.18"]
[Round "2"]
[White "Bjørnland, Svein Arne (FSS)"]
[Black "Nilsen, Roy Tore (FSS)"]
[Result "0-1"]
[WhiteElo "1838"]
[BlackElo "1604"]
[PlyCount "40"]

1. c4 e6 2. Nf3 d5 3. g3 Nf6 4. Bg2 c6 5. d4 Nbd7 6. O-O Be7 7. Qc2 O-O 8. Rd1
Ne4 9. Nfd2 f5 10. Nxe4 fxe4 11. f3 exf3 12. Bxf3 Bg5 13. Nc3 Nb6 14. b3 Bd7
15. c5 Nc8 16. Kg2 Qf6 17. Bxg5 Qxg5 18. e4 Ne7 19. Rf1 Ng6 20. Qc1 Nh4+ 0-1

[Event "FSS KM Mester"]
[Site "?"]
[Date "2006.01.18"]
[Round "2"]
[White "Sæther, Lars (FSS)"]
[Black "Bøe, Timmy (FSS)"]
[Result "1-0"]
[WhiteElo "1596"]
[BlackElo "1574"]
[PlyCount "47"]

1. d4 Nf6 2. Nf3 g6 3. c4 Bg7 4. Nc3 O-O 5. e4 d6 6. h3 e5 7. Be3 Nc6 8. d5 Ne7
9. Bd3 Ne8 10. Qd2 f5 11. exf5 Nxf5 12. Bg5 Bf6 13. h4 c6 14. h5 Nd4 15. Ne4
Bf5 16. Nxf6+ Nxf6 17. Nxd4 exd4 18. O-O-O Qd7 19. hxg6 cxd5 20. Bxf6 Rxf6 21.
Rxh7 Qc8 22. Qh6 Rxg6 23. Rh8+ Kf7 24. Rxc8 1-0

[Event "FSS KM Mester"]
[Site "?"]
[Date "2006.01.18"]
[Round "2"]
[White "Talat, Hogir (FSS)"]
[Black "Sæther, Steinar (FSS)"]
[Result "0-1"]
[WhiteElo "1512"]
[BlackElo "1631"]
[PlyCount "148"]

1. e4 d5 2. Nc3 d4 3. Nce2 g6 4. d3 Bg7 5. f4 Nf6 6. h3 c5 7. Nf3 Nc6 8. Ng3 b5
9. e5 Nd5 10. Ne4 Qb6 11. a4 Bd7 12. axb5 Qxb5 13. b3 a5 14. Be2 O-O 15. O-O f6
16. exf6 exf6 17. Nd6 Qb8 18. Nc4 Nxf4 19. Bxf4 Qxf4 20. Nh2 Qc7 21. Bf3 Ra7
22. Bd5+ Kh8 23. Bxc6 Bxc6 24. Qd2 a4 25. bxa4 Rxa4 26. Rxa4 Bxa4 27. Qf2 Bb5
28. Nd2 f5 29. Nhf3 Bh6 30. Qh4 Bf4 31. Re1 Be3+ 32. Kh1 Qd8 33. Qg3 Re8 34.
Ne5 Qf6 35. Ndf3 f4 36. Qg5 Qxg5 37. Nf7+ Kg8 38. N7xg5 Ba4 39. Ne4 Rc8 40. Re2
c4 41. Ne5 cxd3 42. cxd3 Bc6 43. Nd6 Rc7 44. Kh2 Bd5 45. Rb2 Re7 46. Rb8+ Kg7
47. Ne8+ Kh6 48. Ng4+ Kg5 49. Nef6 Bc6 50. Rc8 Bd7 51. Rc5+ Bf5 52. Ne4+ Kh4
53. Ngf6 Bxe4 54. Nxe4 Rb7 55. Rg5 Rb6 56. g3+ fxg3+ 57. Rxg3 Bf4 58. Kg2 Bxg3
59. Nxg3 Rb2+ 60. Kf3 Kxh3 61. Ne2 Rd2 62. Nf4+ Kh4 63. Ke4 Kg5 64. Ne6+ Kg4
65. Nf8 h5 66. Nxg6 h4 67. Ne5+ Kg3 68. Kxd4 h3 69. Ke3 Rf2 70. Nc4 h2 71. Nd6
Rf3+ 72. Ke2 h1=Q 73. Ne4+ Kf4 74. Kd2 Rxd3+ 0-1

[Event "FSS KM Mester"]
[Site "?"]
[Date "2006.02.01"]
[Round "3"]
[White "Andersen, Harry (FSS)"]
[Black "Bjørnland, Svein Arne (FSS)"]
[Result "0-1"]
[WhiteElo "1774"]
[BlackElo "1830"]
[PlyCount "54"]

1. e4 c6 2. d4 d5 3. e5 Bf5 4. Nc3 e6 5. g4 Bg6 6. Nge2 f6 7. Nf4 fxe5 8. Nxg6
hxg6 9. dxe5 Nd7 10. Bf4 Qc7 11. Bd3 Nxe5 12. Bxg6+ Kd7 13. Qe2 Bd6 14. Bxe5
Bxe5 15. O-O-O Ne7 16. Bd3 Bxc3 17. bxc3 Qf4+ 18. Kb2 e5 19. h4 Kc7 20. Rh3
Raf8 21. Re1 Nc8 22. Bf5 Nd6 23. Rf3 Qh2 24. Bg6 e4 25. Rxf8 Rxf8 26. Rf1 Nc4+
27. Kb3 Qd6 0-1

[Event "FSS KM Mester"]
[Site "?"]
[Date "2006.02.01"]
[Round "3"]
[White "Ludvigsen, Jan (FSS)"]
[Black "Jansson, Helge (FSS)"]
[Result "1-0"]
[WhiteElo "1643"]
[BlackElo "1360"]
[PlyCount "29"]

1. e4 c6 2. d4 d5 3. Nc3 dxe4 4. Nxe4 Nd7 5. Bc4 Ngf6 6. Ng5 e6 7. Qe2 Nb6 8.
Bd3 Be7 9. N1f3 Qc7 10. Ne5 O-O 11. g4 c5 12. Ngxf7 cxd4 13. g5 Bb4+ 14. Kf1
Nfd7 15. Bxh7+ 1-0

[Event "FSS KM Mester"]
[Site "?"]
[Date "2006.02.01"]
[Round "3"]
[White "Nilsen, Roy Tore (FSS)"]
[Black "Sæther, Lars (FSS)"]
[Result "0-1"]
[WhiteElo "1583"]
[BlackElo "1599"]
[PlyCount "102"]

1. d4 f5 2. c4 Nf6 3. Nf3 e6 4. g3 Be7 5. Bg2 O-O 6. O-O d6 7. Nc3 Ne4 8. Qc2
d5 9. Bf4 c6 10. Ne5 Kh8 11. f3 Nxc3 12. bxc3 Nd7 13. cxd5 exd5 14. e4 Nf6 15.
Bg5 Ng8 16. Bxe7 Nxe7 17. exd5 Nxd5 18. Rfe1 f4 19. Qb3 Qf6 20. c4 Ne3 21. Rxe3
fxe3 22. f4 g5 23. fxg5 Qf2+ 24. Kh1 e2 25. Qc3 Rd8 26. d5 Kg8 27. g6 Bf5 28.
gxh7+ Kxh7 29. Nf7 Re8 30. Ng5+ Kg6 31. Nf3 Re3 32. Nh4+ Kf7 33. Qe1 Qxe1+ 34.
Rxe1 Bd3 35. dxc6 bxc6 36. Bxc6 Rf8 37. Bd5+ Ke7 38. Bg2 Bxc4 39. Ng6+ Kf7 40.
Nxf8 Kxf8 41. a4 a5 42. Kg1 Ra3 43. Bc6 Ke7 44. Bb5 Bxb5 45. axb5 Ra2 46. h4 a4
47. h5 Kf6 48. b6 Rb2 49. b7 a3 50. Rxe2 Rxb7 51. Ra2 Rb1+ 0-1

[Event "FSS KM Mester"]
[Site "?"]
[Date "2006.02.01"]
[Round "3"]
[White "Bøe, Timmy (FSS)"]
[Black "Larsen, Bjørn (FSS)"]
[Result "1-0"]
[WhiteElo "1565"]
[BlackElo "1528"]
[PlyCount "63"]

1. e4 e6 2. d4 d5 3. Nc3 Nf6 4. Bg5 Be7 5. e5 Nfd7 6. h4 h6 7. Bxe7 Qxe7 8. Qg4
Qf8 9. O-O-O b6 10. f4 h5 11. Qf3 g6 12. Nh3 c6 13. Ng5 Ba6 14. g4 Bxf1 15.
Rdxf1 Na6 16. Rh2 Nc7 17. Re1 c5 18. Nxd5 Nxd5 19. c4 hxg4 20. Qg2 cxd4 21.
cxd5 Qc5+ 22. Kb1 g3 23. dxe6 O-O 24. exf7+ Rxf7 25. Nxf7 gxh2 26. Qxa8+ Kxf7
27. e6+ Kg7 28. exd7 Qf5+ 29. Ka1 Qxd7 30. Qg2 d3 31. Qxh2 Qd4 32. Qd2 1-0

[Event "FSS KM Mester"]
[Site "?"]
[Date "2006.02.01"]
[Round "3"]
[White "Lømo, Markus (FSS)"]
[Black "Talat, Hogir (FSS)"]
[Result "1-0"]
[WhiteElo "1782"]
[BlackElo "1560"]
[PlyCount "73"]

1. e4 Nc6 2. d4 d5 3. e5 Bf5 4. Nf3 e6 5. c3 f6 6. Qb3 Rb8 7. Bb5 a6 8. Bxc6+
bxc6 9. Qa4 Rb6 10. O-O Bd3 11. Re1 Bb5 12. Qd1 f5 13. b4 a5 14. a4 Ba6 15.
bxa5 Rb8 16. Ba3 Bxa3 17. Rxa3 Nh6 18. Nbd2 O-O 19. Nb3 Qe7 20. Nc5 Rb2 21. Qa1
Re2 22. Nxa6 Rxe1+ 23. Nxe1 g5 24. Nc5 f4 25. c4 Nf5 26. a6 g4 27. cxd5 cxd5
28. Rb3 g3 29. Nf3 gxf2+ 30. Kxf2 Ne3 31. a7 Qg7 32. Ne1 Qg4 33. Rb8 Nd1+ 34.
Kg1 Qe2 35. Rxf8+ Kg7 36. Ncd3 Ne3 37. Rxf4 1-0

[Event "FSS KM Mester"]
[Site "?"]
[Date "2006.04.12"]
[Round "3"]
[White "Sæther, Steinar (FSS)"]
[Black "Nilsen, Kai (FSS"]
[Result "1/2-1/2"]
[WhiteElo "1636"]
[BlackElo "1537"]
[PlyCount "36"]

1. e4 e5 2. Nf3 Nf6 3. d4 Nxe4 4. Bd3 d5 5. Nxe5 Nd7 6. O-O Nxe5 7. dxe5 Bf5 8.
f3 Bc5+ 9. Kh1 Nf2+ 10. Rxf2 Bxd3 11. Rd2 Bg6 12. Rxd5 Qe7 13. Bg5 Qxg5 14.
Rxc5 Rd8 15. Qe1 O-O 16. Rc4 Qxe5 17. Nc3 Qxe1+ 18. Rxe1 Rfe8 1/2-1/2

[Event "FSS KM Mester"]
[Site "?"]
[Date "2006.02.08"]
[Round "4"]
[White "Jensen, Arne-Roger"]
[Black "Bøe, Timmy (FSS)"]
[Result "1/2-1/2"]
[WhiteElo "1878"]
[BlackElo "1565"]
[PlyCount "139"]

1. e4 e5 2. Nf3 Nc6 3. Bb5 a6 4. Bxc6 dxc6 5. d4 exd4 6. Qxd4 Qxd4 7. Nxd4 Nf6
8. f3 Bd7 9. Bg5 Be7 10. e5 Nd5 11. Bxe7 Kxe7 12. Kf2 Rhe8 13. g3 c5 14. Nb3 c4
15. N3d2 b5 16. c3 Bf5 17. Re1 Rad8 18. Ne4 Bxe4 19. Rxe4 Nb6 20. Ke2 Na4 21.
b3 Nc5 22. Re3 cxb3 23. axb3 Nxb3 24. Rxa6 Ra8 25. Ra3 Rxa3 26. Nxa3 c6 27. c4
Nd4+ 28. Kd3 Nf5 29. Re4 b4 30. Nb1 Rd8+ 31. Ke2 Nd4+ 32. Ke3 c5 33. f4 Nc2+
34. Ke2 {Med remistilbud.} 34... b3 35. e6 f5 36. Re5 Nd4+ 37. Ke3 Nxe6 38. Nc3
b2 39. Ke2 Rd4 40. Nb1 Rxc4 41. Kd2 Rc1 42. Re1 Rxe1 43. Kxe1 Kd6 44. Kd2 Nd4
45. Kc3 Kd5 46. Kxb2 Nf3 47. h3 Kd4 48. Nc3 c4 49. Kc2 Ke3 50. Nd5+ Kf2 51. g4
Kg3 52. gxf5 Nd4+ 53. Kc3 Nxf5 54. Kxc4 Kxh3 55. Kd3 Kg2 56. Ke4 g6 57. Ke5 Kf3
58. Nf6 h5 59. Ne4 h4 60. Ng5+ Kg4 61. Kf6 Kxf4 62. Kxg6 Kg4 63. Ne4 Ng3 64.
Nf2+ Kf4 65. Nh3+ Kg4 66. Nf2+ Kf4 67. Nh3+ Kf3 68. Kg5 Nf5 69. Kxf5 Kg3 70.
Ng5 1/2-1/2

[Event "FSS KM Mester"]
[Site "?"]
[Date "2006.02.08"]
[Round "4"]
[White "Sæther, Lars (FSS)"]
[Black "Andersen, Harry (FSS)"]
[Result "0-1"]
[WhiteElo "1599"]
[BlackElo "1774"]
[PlyCount "84"]

1. d4 Nf6 2. Nf3 g6 3. c4 Bg7 4. Nc3 d5 5. e3 O-O 6. Be2 c5 7. O-O dxc4 8. Bxc4
Nc6 9. dxc5 Qa5 10. a3 Qxc5 11. Be2 Rd8 12. Qb3 Na5 13. Qc2 Bf5 14. Qa4 Rac8
15. Nd4 Bd7 16. Qb4 b6 17. Ba6 Rc7 18. Ncb5 Bxb5 19. Bxb5 Qd5 20. Bd2 e5 21.
Nf3 Nb3 22. Rad1 a5 23. Qa4 Nc5 24. Qc2 Ne6 25. Qa4 Ne4 26. Bxa5 Qb7 27. Rxd8+
Nxd8 28. Rd1 Ne6 29. Be1 N4c5 30. Qb4 e4 31. Nd4 Nxd4 32. exd4 Qd5 33. Bc4 Qd8
34. Bc3 Nd7 35. Qb3 Qe8 36. Bb5 e3 37. Qd5 Nf6 38. Qe5 exf2+ 39. Kf1 Qd8 40. h3
Nd5 41. Qe8+ Qxe8 42. Bxe8 Ne3+ 0-1

[Event "FSS KM Mester"]
[Site "?"]
[Date "2006.02.08"]
[Round "4"]
[White "Bjørnland, Svein Arne (FSS)"]
[Black "Sæther, Steinar (FSS)"]
[Result "0-1"]
[WhiteElo "1830"]
[BlackElo "1636"]
[PlyCount "71"]

1. c4 e5 2. Nc3 Ne7 3. Nf3 Nbc6 4. d4 exd4 5. Nxd4 Nxd4 6. Qxd4 Nc6 7. Qd2 Bc5
8. e3 O-O 9. Be2 d6 10. O-O Bf5 11. a3 a5 12. b3 Re8 13. Bb2 Qg5 14. Nd5 Be4
15. Nf4 Rad8 16. Qc3 f6 17. Bd3 Bxd3 18. Qxd3 Kh8 19. Nd5 Rd7 20. Qc3 Re4 21.
f4 Qg6 22. b4 Ba7 23. Rf3 Ne7 24. Nxe7 Rdxe7 25. c5 Qe8 26. Kf2 dxc5 27. bxc5
Qb5 28. Rc1 b6 29. c6 Qd5 30. Re1 R4e6 31. Qc1 Rxc6 32. Qd1 Qxd1 33. Rxd1 Kg8
34. Bd4 Rd6 35. g4 c5 36. Bxc5 0-1

[Event "FSS KM Mester"]
[Site "?"]
[Date "2006.02.08"]
[Round "4"]
[White "Larsen, Bjørn (FSS)"]
[Black "Nilsen, Roy Tore (FSS)"]
[Result "1/2-1/2"]
[WhiteElo "1528"]
[BlackElo "1583"]
[PlyCount "36"]

1. e4 e6 2. d4 d5 3. Nd2 Nf6 4. e5 Nfd7 5. f4 c5 6. c3 Nc6 7. Ndf3 cxd4 8. cxd4
Bb4+ 9. Kf2 O-O 10. g3 f6 11. Kg2 Be7 12. Bd3 f5 13. Bc2 b5 14. Ne2 a5 15. a4
b4 16. Bd3 Ba6 17. Bxa6 Rxa6 18. b3 Ra8 1/2-1/2

[Event "FSS KM Mester"]
[Site "?"]
[Date "2006.02.08"]
[Round "4"]
[White "Lømo, Markus (FSS)"]
[Black "Ludvigsen, Jan (FSS)"]
[Result "1-0"]
[WhiteElo "1782"]
[BlackElo "1643"]
[PlyCount "57"]

1. e4 e5 2. Nf3 Nc6 3. Bc4 Bc5 4. c3 Nf6 5. d3 d5 6. exd5 Nxd5 7. O-O O-O 8.
Nbd2 Bb6 9. Re1 Bg4 10. h3 Bh5 11. Ne4 Re8 12. Ng3 Bg6 13. Bb5 Qf6 14. Bxc6
Qxc6 15. Nxe5 Rxe5 16. Rxe5 Bxf2+ 17. Kxf2 Qf6+ 18. Rf5 Bxf5 19. Nxf5 Qxf5+ 20.
Qf3 Qd7 21. Bd2 c6 22. c4 Nb6 23. Ke2 Re8+ 24. Be3 Qd4 25. Rb1 Qe5 26. b3 Qc3
27. Rd1 Qe5 28. d4 Qd6 29. c5 1-0

[Event "FSS KM Mester"]
[Site "?"]
[Date "2006.02.22"]
[Round "4"]
[White "Jansson, Helge (FSS)"]
[Black "Dogani, Avduraim (FSS)"]
[Result "0-1"]
[WhiteElo "1360"]
[BlackElo "1784"]
[PlyCount "60"]

1. d4 d5 2. Nf3 e6 3. e3 Nd7 4. Bd3 b6 5. b3 c5 6. Bb2 b5 7. c4 bxc4 8. bxc4
Rb8 9. Bc3 Ba6 10. Nbd2 cxd4 11. exd4 dxc4 12. Bc2 Ngf6 13. Ne5 Nd5 14. Ne4
Nxc3 15. Nxc3 Bb4 16. Qf3 Nxe5 17. dxe5 Bb7 18. Ba4+ Kf8 19. Qe3 Qb6 20. Rc1
Bxg2 21. Rg1 Qxe3+ 22. fxe3 Bxc3+ 23. Rxc3 Rb1+ 24. Bd1 Bf3 25. Kd2 Ke7 26.
Rxc4 Rd8+ 27. Rd4 Rxd4+ 28. exd4 Bxd1 29. Rxd1 Rxd1+ 30. Kxd1 Kd7 0-1

[Event "FSS KM Mester"]
[Site "?"]
[Date "2006.02.15"]
[Round "5"]
[White "Nilsen, Roy Tore (FSS)"]
[Black "Jensen, Arne-Roger"]
[Result "0-1"]
[WhiteElo "1583"]
[BlackElo "1878"]
[PlyCount "58"]

1. d4 f5 2. c4 Nf6 3. Nf3 g6 4. Nc3 Bg7 5. Qc2 O-O 6. Bg5 d6 7. e3 Nc6 8. a3
Bd7 9. Be2 e5 10. dxe5 dxe5 11. Nd5 e4 12. Nd2 Ne7 13. Nxf6+ Bxf6 14. Bxf6 Rxf6
15. Qc3 Nc6 16. g4 Qe7 17. gxf5 Bxf5 18. O-O-O Bh3 19. Nxe4 Rf5 20. Ng3 Rxf2
21. e4 Raf8 22. Rhg1 Rxh2 23. Rd2 Rff2 24. Rgd1 Be6 25. Qe3 Rfg2 26. e5 Rh3 27.
Rg1 Rhxg3 28. Qxg3 Rxg3 29. Rxg3 Qh4 0-1

[Event "FSS KM Mester"]
[Site "?"]
[Date "2006.02.15"]
[Round "5"]
[White "Bøe, Timmy (FSS)"]
[Black "Jansson, Helge (FSS)"]
[Result "1-0"]
[WhiteElo "1565"]
[BlackElo "1360"]
[PlyCount "71"]

1. d4 d5 2. c4 c6 3. Nc3 Nf6 4. Bg5 Bf5 5. e3 e6 6. Nf3 Be7 7. Bd3 Bxd3 8. Qxd3
O-O 9. O-O h6 10. Bh4 Nbd7 11. Rfe1 Rc8 12. c5 e5 13. Nxe5 Nxe5 14. dxe5 Nd7
15. Bxe7 Qxe7 16. b4 Nxe5 17. Qf5 Rcd8 18. Rad1 Rfe8 19. Ne2 g6 20. Qf4 Kg7 21.
Nd4 f5 22. h4 Nc4 23. h5 Qe4 24. Qg3 g5 25. Qc7+ Kh8 26. Qxb7 Ne5 27. Nxc6 Nxc6
28. Qxc6 Re6 29. Qc7 Rde8 30. Qxa7 Qxb4 31. Rb1 Qc3 32. Rec1 Qe5 33. c6 f4 34.
Rb7 fxe3 35. Rh7+ Kg8 36. Qf7# 1-0

[Event "FSS KM Mester"]
[Site "?"]
[Date "2006.02.15"]
[Round "5"]
[White "Ludvigsen, Jan (FSS)"]
[Black "Talat, Hogir (FSS)"]
[Result "1/2-1/2"]
[WhiteElo "1643"]
[BlackElo "1560"]
[PlyCount "117"]

1. e4 c5 2. Ne2 g6 3. d4 cxd4 4. Nxd4 Bg7 5. Be3 Nc6 6. Nc3 d6 7. Qd2 Nf6 8. f3
a6 9. O-O-O Nxd4 10. Bxd4 b5 11. Nd5 Be6 12. Bb6 Qc8 13. Nc7+ Kf8 14. Nxa8 Qxa8
15. Kb1 Nd7 16. Be3 Qc6 17. h4 h5 18. Be2 Ne5 19. Qa5 Bf6 20. Qb6 Qc8 21. b3
Nd7 22. Qa5 Ne5 23. Qa3 Nc6 24. f4 Qc7 25. Rd3 a5 26. c3 Bxc3 27. Rxc3 b4 28.
Qc1 bxc3 29. Qxc3 f6 30. Rc1 Qb8 31. Qxc6 Bxb3 32. Qc8+ Kf7 33. Qxb8 Rxb8 34.
Ka1 Be6 35. Bc4 Rb4 36. Bxe6+ Kxe6 37. Re1 Rxe4 38. Bd2 Rxe1+ 39. Bxe1 a4 40.
Kb2 Kd5 41. Ka3 Kc4 42. Kxa4 e5 43. fxe5 fxe5 44. Ka5 d5 45. Kb6 e4 46. a4 e3
47. a5 d4 48. a6 d3 49. a7 d2 50. Bxd2 exd2 51. a8=Q d1=Q 52. Qc6+ Kb4 53. Qe4+
Kc3 54. Qxg6 Qd4+ 55. Kc6 Qc4+ 56. Kd7 Qxh4 57. Ke6 Qe1+ 58. Kf5 Qf2+ 59. Kg5
1/2-1/2

[Event "FSS KM Mester"]
[Site "?"]
[Date "2006.02.15"]
[Round "5"]
[White "Sæther, Steinar (FSS)"]
[Black "Sæther, Lars (FSS)"]
[Result "1/2-1/2"]
[WhiteElo "1636"]
[BlackElo "1599"]
[PlyCount "46"]

1. e4 c5 2. Nc3 Nc6 3. f4 e6 4. d3 d6 5. Nf3 Be7 6. Be2 Nd4 7. O-O Nxe2+ 8.
Nxe2 Qb6 9. Qe1 Bd7 10. c4 h6 11. Qg3 g6 12. Rb1 Nf6 13. Be3 d5 14. e5 Nh5 15.
Qf2 d4 16. Bd2 O-O 17. a3 a5 18. b3 Bc6 19. Kh1 Kh7 20. Qe1 Ng7 21. b4 axb4 22.
axb4 Qd8 23. b5 Bd7 1/2-1/2